000
00307nam a22001337a 4500
008
171025b xxu||||| |||| 00| 0 eng d
020
_a
101285180690
041
_a
eng
080
_a
336.2
100
_a
55
101
_a
TAK
245
_a
CORPORATION PARTNERSHIP ESTATE TRUST
_c
SMITH.H
942
_2
udc
_c
BK
999
_c
35933
_d
35933